Một số vấn đề chọn lọc của Hoá học T.2
Đề cập đến lí thuyết các quá trình hoá học; phản ứng trong dung dịch các chất điện li; Đặc điểm và tên gọi hợp chất hữu cơ. Trình bày cấu trúc không gian, đồng phân lập thể; Quan hệ giữa cấu trúc và tính chất hợp chất hữu cơ. Nghiên cứu phản ứng hữu cơ; phản ứng của Hiđrocacbon; phản ứng các dẫn xuấ...
Đã lưu trong:
| Tác giả chính: | |
|---|---|
| Định dạng: | Sách |
| Năm xuất bản: |
Hà Nội
Giáo dục
1999
|
| Chủ đề: | |
| Tags: |
Thêm thẻ
Không có thẻ, Hãy là người đầu tiên gắn thẻ bản ghi này!
|
| LEADER | 01216nam a2200181 4500 | ||
|---|---|---|---|
| 999 | |c 2089 |d 2089 | ||
| 082 | |a 540 |b M458s | ||
| 100 | |a Nguyễn Duy Ái | ||
| 245 | |a Một số vấn đề chọn lọc của Hoá học |c Nguyễn Duy Ái, Nguyễn Tinh Dung, Trần Thành Huế,... |n T.2 | ||
| 260 | |a Hà Nội |c 1999 |b Giáo dục | ||
| 300 | |a 415 tr. |c 21cm | ||
| 520 | |a Đề cập đến lí thuyết các quá trình hoá học; phản ứng trong dung dịch các chất điện li; Đặc điểm và tên gọi hợp chất hữu cơ. Trình bày cấu trúc không gian, đồng phân lập thể; Quan hệ giữa cấu trúc và tính chất hợp chất hữu cơ. Nghiên cứu phản ứng hữu cơ; phản ứng của Hiđrocacbon; phản ứng các dẫn xuất của Hiđrocacbon. | ||
| 653 | |a Hoá học | ||
| 653 | |a Chọn lọc | ||
| 910 | |c Chi | ||
| 942 | |2 ddc |c SH | ||
| 952 | |0 0 |1 0 |2 ddc |4 0 |6 540_000000000000000_M458S |7 1 |8 500 |9 30122 |a qbu |b qbu |c D3 |d 2014-12-12 |g 21400 |o 540 M458s |p 2290.C1 |r 2018-05-22 |w 2014-12-12 |y STK0 | ||
| 952 | |0 0 |1 0 |2 ddc |4 0 |6 540_000000000000000_M458S |7 0 |8 500 |9 65868 |a qbu |b qbu |c D3 |d 2015-01-28 |l 6 |m 1 |o 540 M458s |p 2290.c2 |r 2017-11-06 |s 2017-11-06 |w 2015-01-28 |y STK0 |0 0 |6 540_000000000000000_M458S | ||